000 00426nam a2200181Ia 4500
001 23951
005 20260414151011.0
008 260414t1953||||xx |||||||||||||| ||spa||
041 _aESP
082 _a724.6
_bW92
100 _aWright, Frank Lloyd,
_eAUT
245 4 _aThe future of architecture
_b
260 _c1953
300 _a326 páginas :
_c26 cm.
650 _aABD
654 _aCAU
942 _cLIB
_dJUS
_fJUS
_2ddc
_n
999 _c23951
_d23951